FIFA 18 Top 10 Central Defenders - Statistics

General Stats
  • This quiz has been taken 372 times
  • The average score is 7 of 10
Answer Stats
Rank Player OVA % Correct
1 Sergio Ramos 90
99%
8 Gérard Piqué 87
91%
2 Giorgio Chiellini 89
83%
3 Leonardo Bonucci 88
81%
7 Thiago Silva 88
80%
4 Jerome Boateng 88
79%
6 Mats Hummels 88
77%
5 Diego Godin 88
62%
10 David Luiz 86
54%
9 Toby Alderweireld 86
36%
No matching quizzes found
Score Distribution
Percent of People with Each Score
Percentile by Number Answered
Your Score History
You have not taken this quiz